000 02069nam0a2200421 4500
001 RU\NLR\BIBL_A\022238974
005 20260420010459.0
010 _a978-5-7422-8362-1
_9102
021 _aRU
_bКН-П-24-023636
_9КН-П-24-2445
035 _a(NLR Aleph) 022238974
090 _a13659197
_c13659197
100 _a20240531d2023 u y0rusy50 ca
101 0 _arus
102 _aRU
105 _aac||z|||000yd
181 0 _ai3
_baxxe
181 0 _ab1
_bxb2e
182 0 _an
200 1 _aИзмайловский полк
_eсудьбы людские, 1812 год
_fДмитрий Борисович Леонтьев
203 _aТекст
_aИзображение
_bвизуальные
_cнепосредственные
210 _aСанкт-Петербург
_cПолитех-Пресс
_d2023
215 _a183, [4] с.
_cцв. ил., портр.
_d26
601 0 2 _aИзмайловский лейб-гвардии полк
_xИстория
_92207538
_3RU\NLR\AUTH\661326237
601 0 2 _aСобор Святой Живоначальной Троицы лейб-гвардии Измайловского полка
_cСанкт-Петербург, город
_jДокументы и материалы
_92580564
_3RU\NLR\AUTH\661525567
606 1 _aОфицеры
_yРоссия
_z1812
_92267910
_3RU\NLR\AUTH\661359440
606 1 _aДуховенство православное
_jДокументы и материалы
_yСанкт-Петербургская губерния
_92431519
_3RU\NLR\AUTH\6601665457
686 1 _aЦ4,8(2)12г
686 2 _aЭ372.24-655.11,11
686 2 _aЭ372.24-63,11
700 1 _aЛеонтьев
_bД. Б.
_f1970-
_gДмитрий Борисович
712 0 2 _4570
_aИзмайловский лейб-гвардии полк
_9477501
_3RU\NLR\AUTH\889990843
942 _cBOOK
980 _aNB